|
|
|
|
| LEADER |
00000naa2a2200000 4500 |
| 001 |
152336 |
| 005 |
20231031150949.0 |
| 035 |
|
|
|a (RuTPU)RU\TPU\book\165166
|
| 035 |
|
|
|a RU\TPU\tpu\15267
|
| 090 |
|
|
|a 152336
|
| 100 |
|
|
|a 20090130d1977 k y0rusy50 ca
|
| 101 |
0 |
|
|a rus
|
| 102 |
|
|
|a RU
|
| 200 |
1 |
|
|a Закономерности кинетики образования некоторых компонентов газа при термической деструкции торфа
|f Я. А. Белихмаер, В. М. Икрин, С. И. Смольянинов
|
| 463 |
|
0 |
|0 (RuTPU)RU\TPU\book\91309
|t Минеральное сырье и нефтехимия
|o межвузовский научно-технический сборник
|f под ред. С. И. Смольянинова
|v С. 105-109
|d 1977
|p 187 с.
|
| 610 |
1 |
|
|a труды учёных ТПУ
|
| 700 |
|
1 |
|a Белихмаер
|b Я. А.
|
| 701 |
|
1 |
|a Икрин
|b В. М.
|
| 701 |
|
1 |
|a Смольянинов
|b С. И.
|c российский химик-технолог
|c профессор Томского политехнического университета
|f 1925-1991
|g Станислав Иванович
|2 stltpush
|3 (RuTPU)RU\TPU\pers\15849
|
| 801 |
|
1 |
|a RU
|b 63413507
|c 20081114
|g PSBO
|
| 801 |
|
2 |
|a RU
|b 63413507
|c 20090130
|g PSBO
|
| 942 |
|
|
|c BK
|